000 00842nam a22002657a 4500
001 4111
003 FISKH
005 20251110101103.0
008 240607b cb ||||| |||| 00| 0 eng d
020 _a9780439471947
040 _aFISKH
_beng
_cFISKH
_dFISKH
050 _aPS3564.A9
082 _a813.54
100 _aNaylor Reynolds Phyllis
_d1933-
245 _aHow I came to be a writer /
_cPhyllis Reynolds Naylor
260 _aNew York :
_bScholastic,
_c1978
300 _a139 pages :
_billustrations ;
_c20 cm
505 _aZ
520 _aDetails the career of one writer from stories composed in grade school through first published pieces to novels written to date.
521 8 _a1120
_bLexile
521 8 _aZ
_bRaz-Plus
700 _aPhyllis Reynolds Naylor
942 _2ddc
_cBK
_n0
999 _c4111
_d4111